| 000 | 01083nam a22003497a 4500 | ||
|---|---|---|---|
| 001 | 0010892 | ||
| 003 | KOHA_MİRAKIL | ||
| 005 | 20260207001758.0 | ||
| 007 | ta | ||
| 008 | 091120b2006 tu |||gr||||#||||1|tur | | ||
| 020 | _a9753387776 | ||
| 020 |
_a _c12,35 |
||
| 040 |
_aTR-BiSEU _btur _cTR-BiSEU _erda |
||
| 041 | 0 | _atur | |
| 044 | _ctu | ||
| 050 |
_aPL22 _b.U84 2006 |
||
| 100 | 1 | _aUser, Hatice Şirin. | |
| 245 | 1 |
_aTürk yazı sistemleri : _bBaşlangıcından günümüze/ _cHatice Şirin User ; Hatice Şirin User. |
|
| 264 | 1 |
_aAnkara : _bAkçağ Yayınları _c2006 |
|
| 300 | _a406 sayfa: resimli | ||
| 336 |
_ametin _btxt _2rdacontent |
||
| 337 |
_aaracısız _bn _2rdamedia |
||
| 338 |
_acilt _bnc _2rdacarrier |
||
| 490 | 1 |
_aAkçağ yayınları ; _v799. |
|
| 490 | 1 |
_aKaynak Eser ; _v226 |
|
| 500 | _aKaynakça ve dizin var. | ||
| 650 | 0 |
_aTurkic languages--Alphabet--History. _926559 |
|
| 650 | 0 |
_aTurkic languages--Writing--History. _926560 |
|
| 830 | 1 |
_aAkçağ yayınları ; _v799. _97970 |
|
| 830 | 1 |
_aKaynak Eser ; _v226 _926561 |
|
| 942 |
_2lcc _cBK |
||
| 999 |
_c10862 _d10862 |
||